| 000 | 00487nam a2200193Ia 4500 | ||
|---|---|---|---|
| 003 | 0100 | ||
| 008 | 130303s9999 xx 000 0 und d | ||
| 040 | _cARRUPELIB | ||
| 050 | _aBS2331.C64 1983 | ||
| 100 | _aCollins, Raymond F. | ||
| 245 | _aIntroduction to the new testament | ||
| 260 | _aGarden City, New York | ||
| 260 | _bImage Books | ||
| 260 | _C1983 | ||
| 300 | _axxix | ||
| 300 | _b 449 p. 22cm. | ||
| 650 | _bMythology -- Therapeutic use Psychotherapy | ||
| 942 | 0 | 0 | _01 |
| 999 |
_c14341 _d14341 |
||